000 01238nam a2200397 c 4500
001 23297
003 ES-MaCES
005 20150929135729.0
008 100914s2010 sp t 100 | spa d
017 _aM 2870-2010
_bDL
020 _a9788498498462
035 _aCES20100007557m
040 _aES-MaCES
_bspa
_cES-MaCES
100 1 _aKahale Carrillo, Djamil Tony
_915632
245 1 3 _aLa violencia de género en el contenido de los Estatutos de Autonomía
_cDjamil Tony Kahale Carrillo
260 _aMadrid
_bDykinson
_c2010
300 _a202 p.
_c21 cm
504 _aBibliografía: p. 189-202
541 _cGratuito
650 4 _amujeres
_928657
650 4 _aviolencia
_929388
650 4 _amalos tratos
_930808
650 4 _atransferencia de competencias
_930889
650 4 _aComunidades Autónomas
_930768
650 4 _aderechos de la mujer
_927173
650 4 _aasistencia social
_929003
650 4 _aigualdad de oportunidades
_927183
650 4 _aEspaña
_926964
650 4 _alegislación
_927153
650 4 _aderecho constitucional
_927158
653 1 0 _aMujer
650 4 _927056
_aservicios sociales
902 _aLIB Libro
942 _2CES
_cBK
_h3.3.
999 _c23297
_d23297